LEADER 02114oas 2200865 a 450 001 9910333258503321 005 20251105213014.0 011 $a1879-2812 035 $a(DE-599)ZDB2263702-3 035 $a(DE-599)2263702-3 035 $a(OCoLC)61311255 035 $a(CONSER) 2010250704 035 $a(CKB)954926990137 035 $a(EXLCZ)99954926990137 100 $a20050822b19871998 sy 101 0 $aeng 135 $aurun||||||||| 181 $ctxt$2rdacontent 182 $cc$2rdamedia 183 $acr$2rdacarrier 200 10$aBaillie?re's clinical anaesthesiology 210 $aLondon ;$aPhiladelphia $cBaillie?re Tindall 300 $aRefereed/Peer-reviewed 300 $aEach issue also has a distinctive title. 300 $a"International practice and research." 311 08$a0950-3501 517 1 $aAnaesthesiology 517 1 $aClinical anaesthesiology 531 1 $aBaillie?re's clin. anaesthesiol. 606 $aAnesthesiology$vPeriodicals 606 $aAnesthesia 606 $aAnesthesia$vPeriodicals 606 $aAnesthe?siologie$vPe?riodiques 606 $aAnesthesiology$2fast$3(OCoLC)fst00808683 608 $aPeriodicals.$2fast 615 0$aAnesthesiology 615 2$aAnesthesia. 615 2$aAnesthesia 615 6$aAnesthe?siologie 615 7$aAnesthesiology. 801 0$bOCLCS 801 1$bOCLCS 801 2$bOCLCS 801 2$bKSU 801 2$bBUF 801 2$bZ5A 801 2$bAU@ 801 2$bWAU 801 2$bOCLCQ 801 2$bCOO 801 2$bOCLCO 801 2$bVT2 801 2$bOCLCQ 801 2$bOCLCF 801 2$bOCLCQ 801 2$bU3W 801 2$bEZC 801 2$bOCLCO 801 2$bWYU 801 2$bAUD 801 2$bTKN 801 2$bOCLCO 801 2$bW2U 801 2$bOCLCO 801 2$bNJT 801 2$bOCLCA 801 2$bQGK 801 2$bOCLCQ 801 2$bUAB 801 2$bUEJ 801 2$bOCLCQ 906 $aJOURNAL 912 $a9910333258503321 996 $aBaillie?re's clinical anaesthesiology$92488139 997 $aUNINA